LIBRARY & INFORMATION CENTRE, KCAET, TAVANUR

ONLINE PUBLIC ACCESS CATALOGUE (OPAC)

Mosquito Reduction and Malarial prevention / (Record no. 1197)

MARC details
000 -LEADER
fixed length control field 00416cam a2200157ua 4500
041 ## - LANGUAGE CODE
Language code of text/sound track or separate title eng
082 ## - DEWEY DECIMAL CLASSIFICATION NUMBER
Classification number 614.4322
Item number CRA/MO
100 ## - MAIN ENTRY--AUTHOR NAME
Personal name Crawford, J.A .
245 ## - TITLE STATEMENT
Title Mosquito Reduction and Malarial prevention /
260 ## - PUBLICATION, DISTRIBUTION, ETC. (IMPRINT)
Place of publication London :
Name of publisher Oxford University Press ,
Year of publication 1927.
300 ## - PHYSICAL DESCRIPTION
Number of Pages 107 ; .
700 1# - ADDED ENTRY--PERSONAL NAME
Personal name Chalam, B.S .
942 ## - ADDED ENTRY ELEMENTS (KOHA)
Koha item type Books
Holdings
Withdrawn status Lost status Damaged status Home library Current library Date acquired Full call number Accession Number Koha item type
Withdrawn     KAUAET KAUAET 07/04/2012 614.4322 3073 Books
free website counter